书目信息 |
| 题名: |
《中共中央关于加强党的执政能力建设的决定》辅导读本
|
|
| 作者: | 本书编写组编 | |
| 分册: | ||
| 出版信息: | 北京 人民出版社 2004 |
|
| 页数: | 477页 | |
| 开本: | 20cm | |
| 丛书名: | ||
| 单 册: | ||
| 中图分类: | D25 | |
| 科图分类: | ||
| 主题词: | 中国共产党--执政--党的建设--文件--学习参考资料 | |
| 电子资源: | ||
| ISBN: | 7-01-004569-0 | |
| 000 | 00650nam0 2200181 450 | |
| 001 | 0757335223 | |
| 005 | 20070710101405.89 | |
| 010 | @a7-01-004569-0@dCNY26.00 | |
| 100 | @a20070704d2004 km y0chiy0120 ea | |
| 101 | 0 | @achi |
| 102 | @aCN@b110000 | |
| 200 | 1 | @a《中共中央关于加强党的执政能力建设的决定》辅导读本@A《zhong gong zhong yang guan yu jia qiang dang de zhi zheng neng li jian she de jue ding》fu dao du ben@f本书编写组编@Fben shu bian xie zu bian |
| 210 | @a北京@c人民出版社@d2004 | |
| 215 | @a477页@d20cm | |
| 606 | 0 | @a中国共产党@x执政@x党的建设@x文件@x学习参考资料 |
| 690 | @aD25@v3 | |
| 801 | 0 | @aCN@bPFT@c20070710 |
| 905 | @a10447@dD25@e175 | |
| 《中共中央关于加强党的执政能力建设的决定》辅导读本/本书编写组编.-北京:人民出版社,2004 |
| 477页;20cm |
| ISBN 7-01-004569-0:CNY26.00 |
| ● |
| 相关链接 |
|
|
|
|
正题名:《中共中央关于加强党的执政能力建设的决定》辅导读本
索取号:D25/175
 
预约/预借
| 序号 | 登录号 | 条形码 | 馆藏地/架位号 | 状态 | 备注 |
| 1 | 0765246 | 207652468 | 第一样本阅览室/ [索取号:D25/175] | 在馆 | |
| 2 | 0768379 | 207683791 | 密集书库/ [索取号:D25/175] | 在馆 |